01313 am a2200229 a 450000500170000000800410001702000150005804100080007310000200008124500740010125004060017526000360058130000120061750001100062965300120073965300550075165300350080665300380084165300230087965300420090265301390094420240701100927.0100903s1996||||ag a f |||| 001 0 spa d a9879165012 aspa1 aWernicke, Carl. aTratado de Psiquiatría.bGrundiss der Psychiatrie /cCarl Wernicke. a1a ed. en español de la obra original en alemánbTraducción Diego Luis Outes y José Victor Tabasso con la colaboración de Ursula Maier. Primera traducción completa aun idioma extranjero. Le precede una introducción sobre la obra y conceptos psicofisiológicos de Carl Wernicke, y finaliza con las clasificaciones de las Psicosis Endógenas de Carl Wernicke- Karl Kleist- Karl Leonhard. aBuenos Aires: bPolemos;c1996. a614 p.  aWernicke, C. (1996). Tratado de Psiquiatría. Grundiss der Psychiatrie. (1a ed.) Buenos Aires : Polemos. aAfasias aIdeas psiquiátricas fundamentales de C. Wernicke aAnexo histórico-geográfico aIntroducción psicofisiológica aEstados paranoicos aPsicosis agudas y estados defectuales aClasificación de las enfermedades mentales según: Carl Wernicke (1848-1905) ; Karl Kleist (1879-1960) ; Karl Leonhard (1904-1988)